[Event "Wasselonne op 20th"]
[Site "Wasselonne"]
[Date "2016.08.04"]
[Round "2"]
[White "Vinsot, Robin Gael"]
[Black "Bellahcene, Bilel"]
[Result "0-1"]
[WhiteElo "2064"]
[BlackElo "2467"]
[PlyCount "85"]
[EventDate "2016.08.04"]
[EventType "swiss"]
[EventRounds "7"]
[EventCountry "FRA"]
[SourceTitle "EXT 2017"]
[Source "ChessBase"]
[SourceDate "2016.10.25"]
[SourceVersion "1"]
[SourceVersionDate "2016.10.25"]
[SourceQuality "1"]

1. d4 Nf6 2. Bf4 b6 3. Nc3 Bb7 4. f3 d5 5. Nh3 e6 6. Nf2 Be7 7. e4 0-0 8. e5 Nfd7 9. Bd3 c5 10. Nb5 a6 11. Nd6 Bxd6 12. exd6 cxd4 13. Qd2 e5 14. Bg5 f6 15. Bh4 Nc5 16. 0-0-0 Qxd6 17. g4 Nbd7 18. Rhg1 Rac8 19. Bf5 Rf7 20. g5 fxg5 21. Qxg5 Qf8 22. Ng4 Rc6 23. Bxd7 Nxd7 24. Nxe5 Nxe5 25. Qxe5 Rc4 26. Rg4 Qc8 27. Rdg1 Rxc2+ 28. Kb1 Rcc7 29. Qxd4 Qf5+ 30. Ka1 Qxf3 31. a3 b5 32. Bd8 Rcd7 33. Ba5 Qe2 34. Bc3 Rf1+ 35. Ka2 Rxg1 36. Qxg1 d4 37. Rxd4 Bd5+ 38. Ka1 Rf7 39. Rf4 g6 40. Rxf7 Bxf7 41. Kb1 Qd3+ 42. Kc1 Bb3 43. Qd4 0-1

[Event "Cannes op"]
[Site "Cannes"]
[Date "2007.02.24"]
[Round "8"]
[White "Vinsot, Robin Gael"]
[Black "Mufic, Goran"]
[Result "0-1"]
[WhiteElo "2165"]
[BlackElo "2312"]
[PlyCount "104"]
[EventDate "2007.02.18"]
[EventType "swiss"]
[EventRounds "9"]
[EventCountry "FRA"]
[SourceTitle "CBM 116 Extra"]
[Source "ChessBase"]
[SourceDate "2007.03.07"]
[SourceVersion "1"]
[SourceVersionDate "2007.03.07"]
[SourceQuality "1"]

1. d4 d5 2. c4 Bf5 3. Nc3 e6 4. Nf3 c6 5. e3 Nd7 6. Bd3 Bxd3 7. Qxd3 Ngf6 8. 0-0 Bb4 9. a3 Ba5 10. b4 Bc7 11. Bb2 0-0 12. e4 dxe4 13. Nxe4 a5 14. Ng3 Qe7 15. Qb3 axb4 16. axb4 b5 17. c5 Nd5 18. Ne5 Bxe5 19. dxe5 Qh4 20. Rad1 Qc4 21. Qxc4 bxc4 22. Rc1 Nxb4 23. Rxc4 Nd3 24. Bc3 N7xe5 25. Re4 Ng6 26. f4 Rfe8 27. f5 exf5 28. Rxe8+ Rxe8 29. Nxf5 Nge5 30. Nd6 Re6 31. Ra1 h6 32. Ra8+ Kh7 33. Rc8 Nxc5 34. Bxe5 Rxe5 35. Rxc6 Re1+ 36. Kf2 Nd3+ 37. Kg3 Re3+ 38. Kg4 Re6 39. Rb6 Rg6+ 40. Kf3 Ne1+ 41. Kf2 Nxg2 42. Nc4 Rxb6 43. Nxb6 Nf4 44. Kf3 Ne6 45. Nd5 Kg6 46. Ke4 Kg5 47. Ne3 g6 48. Kf3 f5 49. Nd5 h5 50. Ne7 Kf6 51. Nc6 g5 52. Kg3 h4+ 0-1

[Event "Cannes op"]
[Site "Cannes"]
[Date "2007.02.21"]
[Round "5"]
[White "Vanderbeeken, Mikael"]
[Black "Vinsot, Robin Gael"]
[Result "1/2-1/2"]
[WhiteElo "2113"]
[BlackElo "2165"]
[PlyCount "86"]
[EventDate "2007.02.18"]
[EventType "swiss"]
[EventRounds "9"]
[EventCountry "FRA"]
[SourceTitle "CBM 116 Extra"]
[Source "ChessBase"]
[SourceDate "2007.03.07"]
[SourceVersion "1"]
[SourceVersionDate "2007.03.07"]
[SourceQuality "1"]

1. e4 e5 2. Nf3 Nc6 3. Bc4 Bc5 4. c3 Nf6 5. d4 exd4 6. cxd4 Bb4+ 7. Nc3 d5 8. exd5 Nxd5 9. 0-0 Bxc3 10. bxc3 0-0 11. Re1 Be6 12. Ng5 Qf6 13. Ne4 Qg6 14. Qd3 Rfe8 15. Bd2 Ndb4 16. cxb4 Bxc4 17. Qxc4 Rxe4 18. Rxe4 Qxe4 19. Be3 a6 20. a4 Qe6 21. Rc1 Qd7 22. d5 Nd8 23. Bg5 h6 24. Bf4 Qxa4 25. Bxc7 Rc8 26. g3 Qd7 27. Qc5 g6 28. d6 h5 29. h4 Ne6 30. Qb6 Nd8 31. Kh2 Kh7 32. Re1 Ne6 33. Rc1 Nd8 34. Rc5 Kg8 35. Rd5 Ne6 36. Qxb7 Nxc7 37. dxc7 Qxc7 38. Qxa6 Re8 39. Rc5 Qd7 40. Qf1 Qd2 41. Rc4 Re1 42. Qg2 Rb1 43. Rf4 Rxb4 1/2-1/2

[Event "Cannes op"]
[Site "Cannes"]
[Date "2007.02.21"]
[Round "4"]
[White "Vinsot, Robin Gael"]
[Black "Libens, Michel"]
[Result "1/2-1/2"]
[WhiteElo "2165"]
[BlackElo "2104"]
[PlyCount "98"]
[EventDate "2007.02.18"]
[EventType "swiss"]
[EventRounds "9"]
[EventCountry "FRA"]
[SourceTitle "CBM 116 Extra"]
[Source "ChessBase"]
[SourceDate "2007.03.07"]
[SourceVersion "1"]
[SourceVersionDate "2007.03.07"]
[SourceQuality "1"]

1. d4 Nf6 2. c4 g6 3. Nc3 Bg7 4. e4 d6 5. f3 0-0 6. Be3 e5 7. Nge2 Nfd7 8. d5 Bh6 9. Bxh6 Qh4+ 10. g3 Qxh6 11. Qd2 Qxd2+ 12. Kxd2 c6 13. Ke3 Nb6 14. Nc1 Na6 15. a3 Bd7 16. dxc6 bxc6 17. b4 c5 18. b5 Nc7 19. a4 a5 20. Nd5 Ncxd5+ 21. cxd5 f5 22. Be2 fxe4 23. fxe4 h5 24. Rf1 Rxf1 25. Bxf1 Bg4 26. Be2 Bxe2 27. Kxe2 Kf7 28. Ra3 Ke7 29. Nd3 Rf8 30. Nb2 Kd7 31. Rc3 Kc7 32. Rc2 h4 33. Rc1 hxg3 34. hxg3 Rh8 35. Kf3 Rh2 36. Rb1 Rc2 37. Kg4 c4 38. Kg5 c3 39. Nd1 Rg2 40. Rc1 Nxa4 41. g4 Rg3 42. Kf6 Rxg4 43. Nxc3 Nxc3 44. Rxc3+ Kb6 45. Ke6 Rxe4 46. Kxd6 Kxb5 47. Ke7 Kb4 48. Rc6 Rh4 49. d6 a4 1/2-1/2

[Event "Cannes op"]
[Site "Cannes"]
[Date "2007.02.20"]
[Round "3"]
[White "Petrosian, Suren"]
[Black "Vinsot, Robin Gael"]
[Result "1-0"]
[WhiteElo "2391"]
[BlackElo "2165"]
[PlyCount "63"]
[EventDate "2007.02.18"]
[EventType "swiss"]
[EventRounds "9"]
[EventCountry "FRA"]
[SourceTitle "CBM 116 Extra"]
[Source "ChessBase"]
[SourceDate "2007.03.07"]
[SourceVersion "1"]
[SourceVersionDate "2007.03.07"]
[SourceQuality "1"]

1. e4 e5 2. Nf3 Nc6 3. d4 exd4 4. Nxd4 Bc5 5. Be3 Qf6 6. c3 Nge7 7. Bc4 d6 8. 0-0 Ne5 9. Be2 c6 10. f4 N5g6 11. b4 Bb6 12. Nd2 0-0 13. Kh1 d5 14. e5 Qh4 15. N2f3 Qh6 16. Qd2 Nf5 17. Nxf5 Bxf5 18. Nd4 Ne7 19. a4 Rfe8 20. Nxf5 Nxf5 21. Bxb6 Ng3+ 22. Kg1 Nxf1 23. Bxf1 axb6 24. Qd4 b5 25. a5 Qe6 26. Bd3 Ra6 27. Re1 f5 28. g4 g6 29. gxf5 gxf5 30. Re3 Kf7 31. Rh3 Rg8+ 32. Kf1 1-0

[Event "Condom op 5th"]
[Site "Condom"]
[Date "2006.07.11"]
[Round "5"]
[White "Maenhout, Thibaut"]
[Black "Vinsot, Robin Gael"]
[Result "1-0"]
[WhiteElo "2384"]
[BlackElo "2181"]
[PlyCount "73"]
[EventDate "2006.07.08"]
[EventType "swiss"]
[EventRounds "9"]
[EventCountry "FRA"]
[SourceTitle "CBM 113 Extra"]
[Source "ChessBase"]
[SourceDate "2006.09.14"]
[SourceVersion "1"]
[SourceVersionDate "2006.09.14"]
[SourceQuality "1"]

1. e4 e5 2. Nf3 Nc6 3. Bb5 a6 4. Ba4 d6 5. c3 g6 6. d4 Bd7 7. Bg5 f6 8. Be3 Nh6 9. h3 Nf7 10. Bb3 Qe7 11. 0-0 Bg7 12. dxe5 dxe5 13. Qd5 b6 14. Rd1 Rd8 15. Qc4 b5 16. Qd5 Bf8 17. Bc5 Nd6 18. a4 Na5 19. Bxd6 cxd6 20. axb5 Nxb3 21. Qxb3 axb5 22. Ra7 Qe6 23. Rd5 Be7 24. Rxb5 Qxb3 25. Rxb3 Bc6 26. Nbd2 Rc8 27. c4 f5 28. Re3 Rb8 29. exf5 gxf5 30. Nxe5 dxe5 31. Rxe5 Bd7 32. c5 Rxb2 33. Ra8+ Kf7 34. Rxh8 Bf6 35. Rxh7+ Kg6 36. Rxd7 Bxe5 37. g3 1-0

[Event "Cappelle op 22nd"]
[Site "Cappelle la Grande"]
[Date "2006.02.23"]
[Round "7"]
[White "Borges Matos, Juan R"]
[Black "Vinsot, Robin Gael"]
[Result "0-1"]
[WhiteElo "2449"]
[BlackElo "2123"]
[PlyCount "118"]
[EventDate "2006.02.18"]
[EventType "swiss"]
[EventRounds "10"]
[EventCountry "FRA"]
[SourceTitle "CBM 110 Extra"]
[Source "ChessBase"]
[SourceDate "2006.03.10"]
[SourceVersion "2"]
[SourceVersionDate "2006.03.10"]
[SourceQuality "1"]

1. Nf3 Nf6 2. c4 g6 3. Nc3 Bg7 4. d4 0-0 5. Bf4 d6 6. h3 Nbd7 7. e3 c6 8. Be2 b6 9. 0-0 Bb7 10. Qc2 Re8 11. Rfd1 Qc8 12. Rac1 e5 13. Bh2 a6 14. b4 c5 15. bxc5 bxc5 16. dxe5 dxe5 17. e4 Nh5 18. Ne1 Nf4 19. Bg4 Ne6 20. Nd5 Nd4 21. Qd3 f5 22. exf5 e4 23. Qg3 h5 24. Bxh5 gxh5 25. Rxd4 cxd4 26. f6 Nxf6 27. Nxf6+ Kf7 28. Nxe8 Qxe8 29. Qg5 Kg8 30. c5 Rc8 31. Bd6 d3 32. Rb1 Bc6 33. Rb6 a5 34. Bf4 Qe6 35. Bd2 Qd5 36. Qg6 Be8 37. Qg3 Qxc5 38. Rb7 Bf7 39. Qf4 Qd5 40. Rxf7 Qxf7 41. Qxe4 Qc4 42. Qg6 Qf7 43. Qa6 Rf8 44. Nxd3 Qxa2 45. Qxa5 Qb1+ 46. Ne1 Qg6 47. Nf3 Rxf3 48. Qd5+ Rf7 49. Qc4 Kh7 50. g4 Qb1+ 51. Kg2 Qb7+ 52. Kg1 hxg4 53. hxg4 Qf3 54. Be3 Rf8 55. Qc2+ Kh8 56. Qg6 Rd8 57. Qh5+ Kg8 58. Kh2 Rd5 59. Qe8+ Kh7 0-1

[Event "Cappelle op 22nd"]
[Site "Cappelle la Grande"]
[Date "2006.02.22"]
[Round "6"]
[White "Vinsot, Robin Gael"]
[Black "Jakobsen, Ole"]
[Result "1-0"]
[WhiteElo "2123"]
[BlackElo "2395"]
[PlyCount "65"]
[EventDate "2006.02.18"]
[EventType "swiss"]
[EventRounds "10"]
[EventCountry "FRA"]
[SourceTitle "CBM 110 Extra"]
[Source "ChessBase"]
[SourceDate "2006.03.10"]
[SourceVersion "2"]
[SourceVersionDate "2006.03.10"]
[SourceQuality "1"]

1. d4 Nf6 2. c4 e6 3. Nf3 d5 4. Bg5 Nbd7 5. e3 Be7 6. Nc3 0-0 7. Rc1 a6 8. c5 c6 9. Qc2 h6 10. h4 Ne8 11. Bf4 b6 12. b4 a5 13. a3 axb4 14. axb4 bxc5 15. bxc5 Ba6 16. g4 Bxf1 17. Kxf1 f5 18. g5 h5 19. Kg2 g6 20. Rb1 Ra7 21. Na4 Nc7 22. Nb6 Nb5 23. Nxd7 Qxd7 24. Ne5 Qe8 25. Ra1 Rc7 26. Ra6 Kh7 27. Rha1 Rc8 28. Qd3 Bd8 29. Nxc6 Nc7 30. Rb6 Na8 31. Rb7+ Rf7 32. Nxd8 Rxd8 33. Raa7 1-0

[Event "Condom op 4th"]
[Site "Condom"]
[Date "2005.07.10"]
[Round "3"]
[White "Vinsot, Robin Gael"]
[Black "Lemeaux, David"]
[Result "1/2-1/2"]
[WhiteElo "2077"]
[BlackElo "2213"]
[PlyCount "41"]
[EventDate "2005.07.09"]
[EventType "swiss"]
[EventRounds "9"]
[EventCountry "FRA"]
[SourceTitle "CBM 107 Extra"]
[Source "ChessBase"]
[SourceDate "2005.09.01"]
[SourceVersion "1"]
[SourceVersionDate "2005.09.01"]
[SourceQuality "1"]

1. d4 Nf6 2. c4 g6 3. Nc3 d5 4. cxd5 Nxd5 5. e4 Nxc3 6. bxc3 Bg7 7. Be3 0-0 8. Qd2 c5 9. Nf3 cxd4 10. cxd4 Nc6 11. Be2 Bg4 12. Rd1 Qd6 13. 0-0 Rfd8 14. d5 Bxf3 15. gxf3 Qa3 16. Rc1 e6 17. Bc5 Qa4 18. Bd1 Qa6 19. Be2 Qa4 20. Bd1 Qa6 21. Be2 1/2-1/2

[Event "La Fere op 4th"]
[Site "La Fere"]
[Date "2005.07.06"]
[Round "7"]
[White "Grooten, Herman"]
[Black "Vinsot, Robin Gael"]
[Result "1-0"]
[WhiteElo "2376"]
[BlackElo "2077"]
[PlyCount "73"]
[EventDate "2005.07.02"]
[EventType "swiss"]
[EventRounds "9"]
[EventCountry "FRA"]
[SourceTitle "CBM 107 Extra"]
[Source "ChessBase"]
[SourceDate "2005.09.01"]
[SourceVersion "1"]
[SourceVersionDate "2005.09.01"]
[SourceQuality "1"]

1. d4 Nf6 2. c4 e6 3. Nf3 b6 4. a3 Ba6 5. Qc2 d5 6. cxd5 exd5 7. g3 Bd6 8. Bg5 0-0 9. Nc3 c6 10. Bxf6 Qxf6 11. Bg2 Re8 12. 0-0 Nd7 13. Rfe1 Qg6 14. e4 dxe4 15. Nxe4 Bf8 16. Bh3 Rad8 17. Bxd7 Rxd7 18. Ne5 Rxe5 19. dxe5 Bd3 20. Qd2 Qe6 21. Qf4 h6 22. Rad1 c5 23. g4 Be7 24. Kg2 Rd4 25. f3 Qb3 26. Qe3 Qxb2+ 27. Rd2 Qxa3 28. Kg3 Qb4 29. Red1 Ba6 30. Rxd4 cxd4 31. Qxd4 Qb3 32. Ra1 Bb7 33. Rxa7 Bh4+ 34. Kxh4 Qxf3 35. Nf2 g5+ 36. Kh5 Bd5 37. Kxh6 1-0

[Event "Condom op 3rd"]
[Site "Condom"]
[Date "2004.07.15"]
[Round "7"]
[White "Vinsot, Robin Gael"]
[Black "Van Elst, Andreas"]
[Result "1/2-1/2"]
[WhiteElo "2078"]
[BlackElo "2257"]
[PlyCount "64"]
[EventDate "2004.07.10"]
[EventType "swiss"]
[EventRounds "9"]
[EventCountry "FRA"]
[SourceTitle "CBM 101 Extra"]
[Source "ChessBase"]
[SourceDate "2004.09.01"]
[SourceVersion "2"]
[SourceVersionDate "2004.09.01"]
[SourceQuality "1"]

1. d4 Nf6 2. c4 g6 3. Nc3 Bg7 4. e4 d6 5. f3 0-0 6. Be3 e5 7. d5 c6 8. Qd2 cxd5 9. cxd5 a6 10. Nge2 Nbd7 11. g4 h5 12. g5 Nh7 13. Rg1 b5 14. 0-0-0 Nb6 15. b3 Bd7 16. Kb2 Qb8 17. Nc1 Rc8 18. Qf2 Na4+ 19. bxa4 bxa4+ 20. Kc2 Qb4 21. Bd2 Rab8 22. Nd3 Qa3 23. Ra1 Rc7 24. Be2 Rbc8 25. Qe1 Bf8 26. Nc1 Bb5 27. Bd3 Qb4 28. N1e2 a3 29. Rb1 Bxd3+ 30. Kxd3 Qc4+ 31. Ke3 Qc5+ 32. Kd3 Qc4+ 1/2-1/2

[Event "La Fere op 3rd"]
[Site "La Fere"]
[Date "2004.07.07"]
[Round "7"]
[White "Vinsot, Robin Gael"]
[Black "Sarakauskas, Gediminas"]
[Result "0-1"]
[WhiteElo "2078"]
[BlackElo "2442"]
[PlyCount "66"]
[EventDate "2004.07.03"]
[EventType "swiss"]
[EventRounds "9"]
[EventCountry "FRA"]
[SourceTitle "CBM 101 Extra"]
[Source "ChessBase"]
[SourceDate "2004.09.01"]
[SourceVersion "2"]
[SourceVersionDate "2004.09.01"]
[SourceQuality "1"]

1. Nf3 c5 2. c4 Nc6 3. Nc3 e5 4. g3 g6 5. Bg2 Bg7 6. 0-0 Nge7 7. d3 0-0 8. Bg5 h6 9. Bd2 d6 10. Ne1 f5 11. Nc2 f4 12. Rb1 Be6 13. b4 Qd7 14. Nd5 Rae8 15. b5 Nd8 16. b6 Bxd5 17. bxa7 Bxg2 18. a8Q Qh3 19. f3 fxg3 20. hxg3 Qh1+ 21. Kf2 Qh2 22. Ke1 Ndc6 23. Qa3 Nf5 24. Be3 Bxf1 25. Kxf1 Ncd4 26. Ke1 Nxc2+ 27. Qxc2 Nxe3 28. Qcb3 Qxg3+ 29. Kd2 Qg5 30. Ke1 h5 31. Qa7 Re7 32. Qbb6 Bh6 33. Qa4 Qg3+ 0-1